00865nam a22002531 4500001001300000003000400013005001700017008004100034010002200075025001900097040001800116043001200134050001800146100003400164245013200198260008900330300002800419350001100447650003300458650003400491700003400525700003500559999001700594sa 68005178 DLC20260227112506.0960926s1963 ii b 00010 eng  asa 68005178 //r96 aPL480:I-E-7614 aDLCcDLCdDLC aa-ii---00aS599.6.I5bK310aKanwar, Jaswant Singh,d1922-10aSoils of the proposed citrus belt of Punjab,cby J. S. Kanwar, J. L. Sehgal and D. R. Dhingra. [Edited by Ravinder Kumar Sethi]0 aLudhiana,bAgricultural Information Section, Punjab Agricultural Universityc[1963?] aii, 56 p.bmap.c22 cm. aRs1.15 0aSoilszIndiazPunjab (State) 0aCitruszIndiazPunjab (State)10aSehgal, J. L.,ejoint author.10aDhingra, D. R.,ejoint author. c80569d80569